00590nam a2200205Ia 4500008004100000050001100041050001500052100002600067245006500093245002600158260003100184260001000215260001000225300001600235300002000251300001100271500005600282521002700338999001900365170504s9999 xx 000 0 und d aHD 28  b.C744 2016 aConcepcion, Joshua C. aPoint of sale & inventory system for shawarma snack center / cJoshua A. Concepcion. aLas Piñas, Philippines : bSISC, c2016. a112 pages : billustrations ; c28 cm. aIncludes bibliographical references and appendices. aInformation Technology c329768d329768